| 000 | 01840nam a22003497a 4500 | ||
|---|---|---|---|
| 001 | 102425 | ||
| 003 | KnowledgeUnlatched | ||
| 005 | 20210303105038.0 | ||
| 006 | m o d | ||
| 007 | cr u|||||||||| | ||
| 008 | 210129p20152019xx o u00| u eng d | ||
| 037 | _5BiblioBoard | ||
| 245 | 0 | 4 |
_aThe Purpose of the First World War _bWar Aims and Military Strategies / _cHolger Afflerbach. |
| 020 | _a9783110443486 | ||
| 029 | 1 | _ahttps://library.biblioboard.com/ext/api/media/ff0df65d-b684-41e4-86f2-d8d884fe516c/assets/thumbnail.jpg | |
| 040 |
_aScCtBLL _cScCtBLL |
||
| 506 | 0 |
_aAccess copy available to the general public. _fUnrestricted _2star |
|
| 700 | 1 |
_aAfflerbach, Holger _eeditor. |
|
| 264 | 1 | _bDe Gruyter Oldenbourg, | |
| 300 | _a1 online resource (268 p.) | ||
| 520 | _aTen million soldiers died during the First World War. But why, and for what reason? The Great War is widely seen as a "pointless carnage" (Pope Benedict XV). Was there a point, at least in the eyes of the political and military decision makers? International specialists analyse the hopes and expectations of the political and military leaders and try to explain why the contemporaries thought that they had to fight the Great War. | ||
| 588 | 0 | _aDescription based on print version record. | |
| 590 | _aKU Select 2018: HSS Backlist Books | ||
| 650 | 7 |
_aHistory / Military _2bisacsh |
|
| 650 | 0 | _aHistory | |
| 655 | 0 | _aElectronic books. | |
| 758 |
_iIs found in: _aKnowledge Unlatched _1https://openresearchlibrary.org/module/2774bc74-146a-484f-a7ba-ab1d6a09bbfb |
||
| 856 | 4 | 0 |
_uhttps://openresearchlibrary.org/content/ff0df65d-b684-41e4-86f2-d8d884fe516c _zView this content on Open Research Library. _70 |
| 999 |
_c33384 _d33384 |
||